000 01428cad a22002175a 4500
001 L140191
008 070911e20070907xxk f s f000 0 eng d
035 _a(Sirsi) u140191
041 0 _aeng
110 1 _aUnited Kingdom
_bDepartment for Business, Enterprise and Regulatory Reform
_95262
245 0 0 _aOutput and employment in the construction industry
_bsecond quarter 2007
_h[electronic resource]
260 _c2007
490 0 _aGNN Press Release
_v(151306P) 7 September 2007
520 _aIn the year to the second quarter of 2007, the total volume of construction output increased by 3% compared to the previous year. In the second quarter of 2007, output increased by 1% compared to the previous quarter in volume terms and in current prices. In the year to the second quarter of 2007, the total volume of new work was 6% higher compared to the previous year, and 3% higher in the second quarter of 2007 when compared with the previous quarter. The number of employees in employment (seasonally adjusted) in July 2007 was down 1% compared with April 2007, but up 1% compared with July 2006.
590 _aKA
650 2 4 _aDBERR OUTPUT AND EMPLOYMENT IN THE CONSTRUCTION INDUSTRY
651 4 _aGreat Britain
_y1707-
690 _aBUILT ENVIRONMENT-CONSTRUCTION MARKET
856 4 0 _uhttps://stats.bis.gov.uk/construction/output/200709/index.asp
_zView the item free of charge at http://stats.bis.gov.uk
942 _n0
999 _c79223
_d79223